000 00397nam a2200133Ia 4500
008 151001s9999||||xx |||||||||||||| ||und||
100 _aविजेंद्र पाल सिंह
245 _aभारतीय राष्ट्रीय आंदोलन
250 _a1
260 _bमोनू प्रकाशन
260 _c1999
300 _a146
365 _b21
999 _c978680
_d978677